000 00389nam a22001697a 4500
003 MPLRDC
005 20220104114622.0
008 210129b ||||| |||| 00| 0 eng d
082 _a857.62 WZL v.4
100 _a吴中龙
245 _a亡命旗兵
_c
250 _a初版
260 _a
_b环球出版社
_c1990
300 _b
650 _a推理小说
942 _cBK
_o857.62 WZL v.4
999 _c8885
_d8875